000 00534nam a22001937a 4500
001 86257
003 BD-RjUL
005 20260329120247.0
008 260329s1959 us ||||| i||| 00| 0 eng d
035 _a(BD-RjUL)86257
040 _aBD-RjUL
_beng
_cBD-RjUL
041 _aeng
082 _223
_a820
_bBEY 1959
245 _aThe Years Work in English Studies,
_cEdited by Beatrice White
504 _aFormatted note, Volume - xl
650 _aEnglish Studies,
_917876
700 _aWhite, Beatrice, Edited by
_917877
942 _2ddc
_cBK
999 _c86257
_d86257